000 00813nam a2200253Ia 4500
003 OSt
005 20221005072924.0
006 a|||||r|||| 00| 0
007 ta
008 221004b |||||||| |||| 00| 0 eng d
020 _a1850658099 (hbk)
_c895
024 _a93398
037 _b1395, 28/02/2009, Channel Publications
_cTextual
040 _aCRL
_cCRL
_beng
041 _2eng
_aeng
082 _aV45:1973:P1, P6
100 _aAnsari Ali M.
_923638
245 0 _aConfronting Iran
_b The failure of American foreign policy and the roots of mistrust
260 _aNew Delhi
_bFoundation Books India
_c2006
300 _avii, 280p.
_ccm.
650 _aHISTORY
942 _hV45:1973:P1, P6
_cTEXL
_2cc
999 _c980291
_d980291